Using Economic Value Added in Ex-Ante Profitability Calculation of Bank's Medium-Sized Clients
Ex-ante výpočet ziskovosti klientov zo segmentu stredných podnikov pomocou ekonomickej pridanej hodnoty (EVA, Economic Value Added) a porovnanie s využívanejšou metódou RAROC (Risk Adjusted Return on Capital, rizikovo vážená návratnosť kapitálu).
Uložené v:
| Hlavný autor: | |
|---|---|
| Médium: | Kapitola |
| Jazyk: | English |
| Predmet: | |
| Tagy: |
Žiadne tagy, Buďte prvý, kto otaguje tento záznam!
|
MARC
| LEADER | 00000naa a2200000 4500 | ||
|---|---|---|---|
| 001 | 0242474 | ||
| 005 | 20180430153723.9 | ||
| 041 | 0 | |a eng | |
| 044 | |a CZ | ||
| 245 | 1 | 0 | |a Using Economic Value Added in Ex-Ante Profitability Calculation of Bank's Medium-Sized Clients |c Štěpánka Křečková |
| 520 | |a Ex-ante výpočet ziskovosti klientov zo segmentu stredných podnikov pomocou ekonomickej pridanej hodnoty (EVA, Economic Value Added) a porovnanie s využívanejšou metódou RAROC (Risk Adjusted Return on Capital, rizikovo vážená návratnosť kapitálu). | ||
| 610 | 2 | 0 | |a inštitúcie finančné |
| 610 | 2 | 0 | |a banky |
| 610 | 2 | 0 | |a zisk |
| 610 | 2 | 0 | |a hodnota pridaná ekonomická |
| 610 | 2 | 0 | |a podnik stredný |
| 610 | 2 | 0 | |a klienti |
| 610 | 2 | 0 | |a analýza empirická |
| 610 | 2 | 0 | |a Európska únia |
| 100 | 1 | |a Křečková, Štěpánka | |